Harry Potter First Names Quiz Stats

Quiz Updated Dec 12, 2016

Challenge
Share
Tweet
Embed
Score 0/50 Timer 08:00
5 Plays Today
% Correct
Hermione
93.8%
Tom
93.6%
Severus
93.5%
James
93.3%
Lucius
92.7%
Viktor
92.4%
Minerva
92.4%
Rubeus
92.2%
Rita
91.9%
Dolores
91.9%
Fleur
91.9%
Salazar
91.7%
Vernon
91.2%
Cornelius
90.4%
Bartemius
90.1%
Padma
89.4%
Arthur
88.9%
Nicolas
88.5%
Argus
88%
Dean
87.9%
Seamus
87.7%
Sybill
86.6%
Xenophilius
86.5%
Lily
85.5%
Lavender
85.3%
% Correct
Katie
84.8%
Vincent
81.8%
Teddy
80%
Gellert
78.7%
Dennis
76.8%
Amos
76.5%
Romilda
74.7%
Susan
74%
Alice
73.8%
Ernie
72.6%
Andromeda
72.5%
Helena
72.3%
Poppy
72.1%
Elphias
71.6%
Alecto
71.3%
Merope
70.5%
Arabella
68.9%
Zacharias
64.8%
Mafalda
64.4%
Michael
63.5%
Victoire
62.6%
Kendra
60.8%
Mary
60.8%
Marcus
58.5%
Gwenog
56.5%

You're not logged in!

Compare scores with friends on all Sporcle quizzes.
Sign Up with Email
OR
Log In

You Might Also Like...

Show Comments

Extras

Top Quizzes Today


Score Distribution

Your Account Isn't Verified!

In order to create a playlist on Sporcle, you need to verify the email address you used during registration. Go to your Sporcle Settings to finish the process.